Pierwiastki z jednoliterowymi symbolami - Nagła Śmierć - Statystyki

Ogólne statystyki
  • Ten quiz został rozwiązany 1 439 razy
  • Średni wynik to 9 z 14
Answers on the Grid
Answers color-coded by a green-red scale on the quiz's grid according to % correct below.
Wodór
Bor
Węgiel
Tlen
Azot
Fluor
Fosfor
Potas
Wanad
Itr
Jod
Siarka
Uran
Lit
Rad
Mangan
Radon
Pluton
Ameryk
Oganeson
Glin
Krzem
Wolfram
Tal
Telur
Cynk
Cyrkon
Ołów
 
Statystyki odpowiedzi
Odpowiedź % Poprawnych
Tlen
85%
Wodór
82%
Węgiel
80%
Potas
79%
Azot
78%
Jod
77%
Siarka
71%
Fosfor
70%
Fluor
60%
Bor
58%
Uran
55%
Itr
39%
Wanad
37%
Wolfram
34%
Nie znaleziono quizów pasujących do podanych kryteriów
Rozkład punktacji
Procent ludzi z każdym wynikiem
Percentyl według liczby udzielonych odpowiedzi
Twoja historia wyników
Nie rozwiązałeś tego quizu